[Event "DVM U20w 2003"]
[Site "Ditzingen GER"]
[Date "2003.12.27"]
[Round "1"]
[White "Stutz, Andrea"]
[Black "Winnicki, Alice"]
[Result "0-1"]
[Termination "normal"]
[Board "1.1"]
[WhiteElo "1983"]
[BlackElo "2032"]
[WhiteTeam "SC Tamm 74"]
[BlackTeam "SK Johanneum Eppendorf"]
[PlyCount "114"]
[WhiteFideId "4697146"]
[BlackFideId "4687990"]
[EventCountry "GER"]
[EventRounds "7"]
[EventType "team-swiss"]
[EventDate "2003.12.26"]

1. e4 e6 2. d4 d5 3. Nd2 Nf6 4. e5 Nfd7 5. Bd3 c5 6. c3 Nc6 7. Ne2 cxd4 8. cxd4
f6 9. exf6 Qxf6 10. Nf3 h6 11. O-O Bd6 12. Re1 O-O 13. Bc2 Rd8 14. a3 Nf8 15.
Nc3 Bd7 16. Nb5 Bb8 17. Nc3 Be8 18. Qd2 Bh5 19. Bd1 Bxf3 20. Bxf3 Nxd4 21. Bd1
Ng6 22. Ne2 Nf5 23. Qb4 Rf8 24. Rf1 Rf7 25. Bd2 Bd6 26. Qb3 Raf8 27. Bc2 Qe5
28. Ng3 Nd4 29. Qd3 Nxc2 30. Qxc2 Nf4 31. Rae1 Qf6 32. Be3 Rc7 33. Qd2 Qg6 34.
Rc1 Rxc1 35. Rxc1 h5 36. Bxf4 Bxf4 37. Qc2 Qxc2 38. Rxc2 Bxg3 39. hxg3 g6 40.
Rc7 Rf7 41. Rc8+ Kg7 42. Ra8 a6 43. Re8 Kf6 44. Kf1 Rc7 45. Rf8+ Ke7 46. Rg8
Kf7 47. Rb8 Rc1+ 48. Ke2 Rc2+ 49. Ke1 Rxb2 50. Rc8 Kf6 51. Rc3 e5 52. Rf3+ Ke6
53. Re3 d4 54. Rd3 Kd5 55. Rf3 Kc4 56. Rf6 Kd3 57. Rf3+ Kc2 0-1

[Event "DVM U20w 2003"]
[Site "Ditzingen GER"]
[Date "2003.12.27"]
[Round "1"]
[White "Chin, Karin"]
[Black "Bonfert, Nadine"]
[Result "1-0"]
[Termination "normal"]
[Board "1.2"]
[WhiteElo "1775"]
[BlackElo "1584"]
[WhiteTeam "SK Johanneum Eppendorf"]
[BlackTeam "SC Tamm 74"]
[PlyCount "37"]
[WhiteFideId "24608157"]
[BlackFideId "4633636"]
[EventCountry "GER"]
[EventRounds "7"]
[EventType "team-swiss"]
[EventDate "2003.12.26"]

1. e4 e5 2. Nf3 Nc6 3. Bc4 Bc5 4. c3 Nf6 5. d4 exd4 6. cxd4 Bb4+ 7. Nc3 Nxe4 8.
O-O Nxc3 9. bxc3 Be7 10. d5 Na5 11. d6 cxd6 12. Bxf7+ Kxf7 13. Qd5+ Ke8 14. Ng5
Rf8 15. Nxh7 Rf7 16. Ng5 Rf6 17. Qg8+ Rf8 18. Qxg7 Nc6 19. Qg6+ 1-0

[Event "DVM U20w 2003"]
[Site "Ditzingen GER"]
[Date "2003.12.27"]
[Round "1"]
[White "Rüdel, Anita"]
[Black "Schmidt, Jade"]
[Result "1/2-1/2"]
[Termination "normal"]
[Board "1.3"]
[WhiteElo "1438"]
[BlackElo "1699"]
[WhiteTeam "SC Tamm 74"]
[BlackTeam "SK Johanneum Eppendorf"]
[PlyCount "80"]
[EventCountry "GER"]
[EventRounds "7"]
[EventType "team-swiss"]
[EventDate "2003.12.26"]

1. e4 e6 2. d3 d5 3. Nd2 c5 4. Ngf3 Nc6 5. g3 Bd6 6. Bg2 Nge7 7. O-O O-O 8. Re1
f6 9. c3 Kh8 10. Qc2 d4 11. Rb1 a5 12. Nf1 e5 13. h4 Be6 14. Ra1 b5 15. Bd2 Qd7
16. Kh2 Bc7 17. Red1 Bb6 18. Be1 Rfd8 19. Kg1 Rac8 20. N1h2 Qb7 21. Kh1 c4 22.
Kg1 dxc3 23. Bxc3 b4 24. Be1 cxd3 25. Rxd3 Nd4 26. Qd1 Bc4 27. Rd2 Ne2+ 28. Kh1
Qa7 29. Ng4 Nc6 30. b3 Bb5 31. Rb1 Ncd4 32. Nxd4 Nxd4 33. Ne3 Qa6 34. Rbb2 Bc6
35. Kh2 Qb7 36. f3 Nxb3 37. Rxd8+ Rxd8 38. Qxb3 Qa7 39. Nc4 Bg1+ 40. Kh1 Bd4
1/2-1/2

[Event "DVM U20w 2003"]
[Site "Ditzingen GER"]
[Date "2003.12.27"]
[Round "1"]
[White "Rohlfs, Ricarda"]
[Black "Kurz, Silke"]
[Result "1-0"]
[Termination "normal"]
[Board "1.4"]
[WhiteElo "1671"]
[BlackElo "1277"]
[WhiteTeam "SK Johanneum Eppendorf"]
[BlackTeam "SC Tamm 74"]
[PlyCount "95"]
[EventCountry "GER"]
[EventRounds "7"]
[EventType "team-swiss"]
[EventDate "2003.12.26"]

1. e4 e6 2. d4 d5 3. Nc3 Bb4 4. a3 Bxc3+ 5. bxc3 dxe4 6. Qg4 Qf6 7. Qxe4 Ne7 8.
Bd3 Nf5 9. Nf3 Nd6 10. Qe2 Qe7 11. Ne5 Nd7 12. Qg4 f6 13. Qh5+ Kd8 14. Nf3 Qe8
15. Qxe8+ Kxe8 16. O-O Kf7 17. Re1 Nf8 18. Nd2 Ng6 19. Ne4 Nf5 20. a4 b6 21.
Ba3 Bb7 22. g3 Nfe7 23. Bc4 Nd5 24. f4 Nge7 25. Nd2 Rhe8 26. Re2 Nc8 27. Rae1
Nd6 28. Bb3 Bc8 29. Bxd6 cxd6 30. Bxd5 Rb8 31. Nc4 Ke7 32. Bxe6 Bxe6 33. Rxe6+
Kd7 34. Rxe8 Rxe8 35. Rxe8 Kxe8 36. Nxd6+ Ke7 37. Nf5+ Kf7 38. Kf2 g6 39. Nd6+
Ke6 40. Nc8 Kd5 41. Ke3 Kc4 42. Nxa7 Kd5 43. Nc8 Kc6 44. Ke4 Kc7 45. Na7 Kd6
46. Nb5+ Kc6 47. c4 h6 48. g4 1-0

[Event "DVM U20w 2003"]
[Site "Ditzingen GER"]
[Date "2003.12.27"]
[Round "1"]
[White "Kind, Veronika"]
[Black "Reiske, Anne"]
[Result "1/2-1/2"]
[Termination "normal"]
[Board "2.1"]
[WhiteElo "1829"]
[BlackElo "1631"]
[WhiteTeam "SV Glück auf Rüdersdorf"]
[BlackTeam "TSG Mutterstadt"]
[PlyCount "92"]
[BlackFideId "24635472"]
[EventCountry "GER"]
[EventRounds "7"]
[EventType "team-swiss"]
[EventDate "2003.12.26"]

1. e4 e5 2. Nf3 Nf6 3. d4 Nxe4 4. Bd3 d5 5. Nxe5 Be6 6. O-O Bd6 7. c4 Bxe5 8.
dxe5 Nc5 9. Be3 Nbd7 10. cxd5 Bxd5 11. Be2 Bc6 12. Nc3 Qe7 13. f4 O-O 14. Nd5
Bxd5 15. Qxd5 c6 16. Qc4 Kh8 17. Rac1 Na6 18. Qc3 Nc7 19. Bd2 Nd5 20. Qg3 f6
21. exf6 N7xf6 22. Bd3 Qf7 23. Qh3 Rad8 24. Rce1 Nh5 25. g4 Nhf6 26. Rf2 Qd7
27. Bf5 Qf7 28. Rg2 Rfe8 29. Rxe8+ Rxe8 30. g5 Qh5 31. Qxh5 Nxh5 32. Rf2 Rf8
33. Bd3 Nhxf4 34. Kf1 Kg8 35. Bc4 Ne6 36. Rxf8+ Kxf8 37. Kf2 Ke7 38. Kf3 Nc5
39. Be1 Ke6 40. Bf2 Nd7 41. Ke4 a6 42. Bd4 g6 43. Be2 Ne7 44. Bg4+ Nf5 45. Kf4
Nf8 46. Bf2 Nd7 1/2-1/2

[Event "DVM U20w 2003"]
[Site "Ditzingen GER"]
[Date "2003.12.27"]
[Round "1"]
[White "Auburger, Kirstin"]
[Black "Hönecke, Judith"]
[Result "0-1"]
[Termination "normal"]
[Board "2.2"]
[WhiteElo "1673"]
[BlackElo "1779"]
[WhiteTeam "TSG Mutterstadt"]
[BlackTeam "SV Glück auf Rüdersdorf"]
[PlyCount "70"]
[WhiteFideId "24620726"]
[BlackFideId "4696328"]
[EventCountry "GER"]
[EventRounds "7"]
[EventType "team-swiss"]
[EventDate "2003.12.26"]

1. d4 Nf6 2. Bg5 d5 3. Nf3 e6 4. e3 Nbd7 5. c4 c6 6. Nc3 Qa5 7. a3 Ne4 8. Qa4
Qxa4 9. Nxa4 dxc4 10. Rc1 b5 11. Nc3 Nxc3 12. Rxc3 c5 13. Be2 Bb7 14. O-O Be7
15. Bf4 Nb6 16. dxc5 Na4 17. Rc2 Nxc5 18. Nd4 a6 19. Bf3 Bxf3 20. Nxf3 Nd3 21.
Be5 Nxe5 22. Nxe5 Bf6 23. Nc6 Rc8 24. Nb4 a5 25. Na2 Ke7 26. Rfc1 Rcd8 27. Kf1
Rd3 28. Ke2 Rhd8 29. Nc3 Bxc3 30. bxc3 Kd6 31. Rb1 Kc5 32. Rcb2 Rb8 33. h3 Rxc3
34. Rd1 Rb7 35. Rd4 Rxa3 0-1

[Event "DVM U20w 2003"]
[Site "Ditzingen GER"]
[Date "2003.12.27"]
[Round "1"]
[White "Sdunzik, Jennifer"]
[Black "Schulz, Ann-Kristin"]
[Result "1-0"]
[Termination "normal"]
[Board "2.3"]
[WhiteElo "1693"]
[BlackElo "1380"]
[WhiteTeam "SV Glück auf Rüdersdorf"]
[BlackTeam "TSG Mutterstadt"]
[PlyCount "37"]
[WhiteFideId "24620475"]
[EventCountry "GER"]
[EventRounds "7"]
[EventType "team-swiss"]
[EventDate "2003.12.26"]

1. e4 e5 2. Bc4 d6 3. Nc3 c6 4. d3 Nf6 5. Nf3 Bg4 6. h3 Bxf3 7. Qxf3 h6 8. Be3
Nbd7 9. O-O g6 10. Rad1 Bg7 11. d4 a6 12. Bb3 Qe7 13. Rd2 Kf8 14. Rfd1 Re8 15.
dxe5 Nxe5 16. Qe2 Nfd7 17. f4 Qh4 18. fxe5 Bxe5 19. Qf2 1-0

[Event "DVM U20w 2003"]
[Site "Ditzingen GER"]
[Date "2003.12.27"]
[Round "1"]
[White "Hetterich, Tanja"]
[Black "Müller, Thea-Lina"]
[Result "0-1"]
[Termination "normal"]
[Board "2.4"]
[WhiteElo "1140"]
[BlackElo "1737"]
[WhiteTeam "TSG Mutterstadt"]
[BlackTeam "SV Glück auf Rüdersdorf"]
[PlyCount "43"]
[BlackFideId "24604054"]
[EventCountry "GER"]
[EventRounds "7"]
[EventType "team-swiss"]
[EventDate "2003.12.26"]

1. e4 c5 2. Nf3 e6 3. d4 cxd4 4. Nxd4 a6 5. Nc3 Qc7 6. g3 Nf6 7. Bg2 Be7 8. O-O
d6 9. Re1 O-O 10. Qe2 Nbd7 11. Nf3 Rb8 12. Bg5 b5 13. a3 b4 14. Na4 bxa3 15.
Rxa3 Bb7 16. e5 dxe5 17. Rc3 Qa5 18. Ra1 e4 19. Nd2 Qxg5 20. Nxe4 Nxe4 21. Bxe4
Bxe4 22. Qxe4 0-1

[Event "DVM U20w 2003"]
[Site "Ditzingen GER"]
[Date "2003.12.27"]
[Round "1"]
[White "Jehle, Anja"]
[Black "Beltz, Carmen"]
[Result "0-1"]
[Termination "normal"]
[Board "3.1"]
[WhiteElo "1520"]
[BlackElo "1752"]
[WhiteTeam "SV Wolfbusch"]
[BlackTeam "SC Leipzig-Gohlis"]
[PlyCount "56"]
[WhiteFideId "24631434"]
[BlackFideId "24608726"]
[EventCountry "GER"]
[EventRounds "7"]
[EventType "team-swiss"]
[EventDate "2003.12.26"]

1. d4 Nf6 2. c4 c5 3. e3 cxd4 4. exd4 g6 5. Nf3 Bg7 6. Be2 O-O 7. h3 d5 8. c5
Nc6 9. O-O b6 10. Be3 bxc5 11. dxc5 Rb8 12. Nd4 Nxd4 13. Bxd4 Qc7 14. f4 Rd8
15. Qc2 Ne4 16. Bxg7 Kxg7 17. c6 Rb6 18. Rc1 Rd6 19. Qd3 Rbxc6 20. Rxc6 Qxc6
21. Qd4+ Kg8 22. Kh2 Qc1 23. Qe5 Be6 24. Bg4 Bxg4 25. hxg4 Re6 26. Qb8+ Kg7 27.
f5 gxf5 28. gxf5 Rh6# 0-1

[Event "DVM U20w 2003"]
[Site "Ditzingen GER"]
[Date "2003.12.27"]
[Round "1"]
[White "Helmbold, Irene"]
[Black "Erben, Larissa"]
[Result "1-0"]
[Termination "normal"]
[Board "3.2"]
[WhiteElo "1719"]
[BlackElo "1497"]
[WhiteTeam "SC Leipzig-Gohlis"]
[BlackTeam "SV Wolfbusch"]
[PlyCount "119"]
[WhiteFideId "24600873"]
[BlackFideId "24634590"]
[EventCountry "GER"]
[EventRounds "7"]
[EventType "team-swiss"]
[EventDate "2003.12.26"]

1. e4 e5 2. Nf3 Nc6 3. Nc3 Nf6 4. d4 exd4 5. Nd5 h6 6. Bc4 Bc5 7. O-O d6 8. a3
Ne5 9. Be2 Nxe4 10. b4 Bb6 11. Nxb6 axb6 12. Qxd4 Ng5 13. Nxe5 Ne6 14. Qc3 dxe5
15. Qxe5 Qd4 16. Bb2 Qxe5 17. Bxe5 f6 18. Bg3 Nd4 19. Bh5+ Kf8 20. Rad1 Ne6 21.
Rfe1 Rxa3 22. Rd8+ Ke7 23. Rxh8 Bd7 24. Bxc7 b5 25. f4 f5 26. Bd8+ Kd6 27. Rd1+
Kc6 28. Bf3+ Rxf3 29. gxf3 Nxf4 30. Ba5 Ne2+ 31. Kf2 Nc3 32. Rd3 Nd5 33. Rd8
Be6 34. Ke1 Bf7 35. c3 g6 36. R3xd5 Bxd5 37. Rxd5 Kxd5 38. Bb6 g5 39. Bd4 Kc4
40. Ke2 h5 41. h4 gxh4 42. Kf2 Kd3 43. Kg2 Ke2 44. f4 Kd3 45. Kh3 Ke4 46. Be5
Kd5 47. Kxh4 Ke6 48. Kxh5 Kf7 49. Kg5 Ke6 50. Bc7 Kd7 51. Bb6 Ke6 52. Bd4 Kf7
53. Kxf5 Ke7 54. Kg6 Kf8 55. f5 Ke8 56. Kg7 Kd7 57. f6 Ke6 58. f7 Kd5 59. f8=Q
Kc4 60. Qc5+ 1-0

[Event "DVM U20w 2003"]
[Site "Ditzingen GER"]
[Date "2003.12.27"]
[Round "1"]
[White "Hafner, Katrin"]
[Black "Salden, Franziska"]
[Result "0-1"]
[Termination "normal"]
[Board "3.3"]
[WhiteElo "1439"]
[BlackElo "1471"]
[WhiteTeam "SV Wolfbusch"]
[BlackTeam "SC Leipzig-Gohlis"]
[PlyCount "122"]
[WhiteFideId "24668001"]
[BlackFideId "24601268"]
[EventCountry "GER"]
[EventRounds "7"]
[EventType "team-swiss"]
[EventDate "2003.12.26"]

1. e4 e6 2. d4 d5 3. Nd2 dxe4 4. Nxe4 Nf6 5. Nxf6+ Qxf6 6. Nf3 h6 7. Bc4 Bd6 8.
O-O O-O 9. Re1 Nd7 10. b3 Rd8 11. Bb2 Nb6 12. Bd3 Nd5 13. c4 Nf4 14. Qc2 Nxd3
15. Qxd3 b6 16. Rad1 Bb7 17. Ne5 Qg5 18. d5 exd5 19. cxd5 Re8 20. Nc6 Bxc6 21.
dxc6 Rxe1+ 22. Rxe1 Rd8 23. Qe2 Bc5 24. Rd1 Rxd1+ 25. Qxd1 Qf5 26. Qe1 Bxf2+
27. Qxf2 Qb1+ 28. Qf1 Qxb2 29. h3 Qxa2 30. Qd3 Qa1+ 31. Kh2 Qe5+ 32. Kg1 Qc5+
33. Kh2 Qxc6 34. Qa6 Qd6+ 35. Kg1 Qd1+ 36. Kh2 Qd6+ 37. Kh1 Qd1+ 38. Kh2 Kh7
39. Qxa7 Qxb3 40. Qxc7 g6 41. Qe7 Qe6 42. Qb4 Qe5+ 43. Kh1 Qc5 44. Qb3 Qc1+ 45.
Kh2 Qf4+ 46. Kg1 Qc7 47. Kh1 Qc1+ 48. Kh2 Qf4+ 49. Kg1 Qf6 50. Kh1 Qf1+ 51. Kh2
b5 52. Kg3 Qc4 53. Qxc4 bxc4 54. Kf3 Kg7 55. Ke3 Kf6 56. Kd4 Kf5 57. g3 h5 58.
Kxc4 Ke4 59. Kc5 Kf3 60. Kd5 Kxg3 61. Ke5 Kxh3 0-1

[Event "DVM U20w 2003"]
[Site "Ditzingen GER"]
[Date "2003.12.27"]
[Round "1"]
[White "Becker, Wilma"]
[Black "Mijatovic, Andrea"]
[Result "1-0"]
[Termination "normal"]
[Board "3.4"]
[WhiteElo "1511"]
[BlackElo "1275"]
[WhiteTeam "SC Leipzig-Gohlis"]
[BlackTeam "SV Wolfbusch"]
[PlyCount "113"]
[WhiteFideId "24659290"]
[BlackFideId "14514524"]
[EventCountry "GER"]
[EventRounds "7"]
[EventType "team-swiss"]
[EventDate "2003.12.26"]

1. e4 c5 2. Nc3 Nc6 3. Nge2 Nf6 4. d4 cxd4 5. Nxd4 e5 6. Ndb5 d6 7. f3 a6 8.
Na3 b5 9. Nd5 Be7 10. Be3 O-O 11. Qd2 Be6 12. c4 Bxd5 13. exd5 Na7 14. cxb5
Nxb5 15. Nxb5 axb5 16. Bxb5 Ra5 17. Bc4 Qa8 18. b4 Bd8 19. Rd1 Re8 20. O-O Ra3
21. Bb3 Ra6 22. a4 Bb6 23. Bxb6 Rxb6 24. a5 Rb7 25. Bc4 Reb8 26. Rb1 Ra7 27.
Rfc1 Kf8 28. Bb3 Ke7 29. Rc6 Rc8 30. Rbc1 Rxc6 31. dxc6 Rc7 32. b5 Ne8 33. Qc3
Ra7 34. b6 Rxa5 35. b7 Qa7+ 36. Kf1 Rc5 37. Qb2 Nc7 38. Rxc5 Qxc5 39. Bd5 Na6
40. Qb3 Qa7 41. c7 Nxc7 42. b8=Q Qxb8 43. Qxb8 Nxd5 44. Qb7+ Ke6 45. Qc8+ Ke7
46. Qh3 h6 47. Qg3 g6 48. Qe1 h5 49. g3 f5 50. h3 f4 51. gxf4 Nxf4 52. Qb4 Nxh3
53. Qh4+ Kf7 54. Qxh3 d5 55. Qd7+ Kf6 56. Qxd5 g5 57. Qd6+ 1-0

[Event "DVM U20w 2003"]
[Site "Ditzingen GER"]
[Date "2003.12.27"]
[Round "1"]
[White "Schulz, Stefanie"]
[Black "Wolfram, Julia"]
[Result "1-0"]
[Termination "normal"]
[Board "4.1"]
[WhiteElo "2097"]
[BlackElo "1406"]
[WhiteTeam "SK König Tegel 49"]
[BlackTeam "TSV Zeulenroda"]
[PlyCount "45"]
[WhiteFideId "4693060"]
[EventCountry "GER"]
[EventRounds "7"]
[EventType "team-swiss"]
[EventDate "2003.12.26"]

1. e4 c5 2. Nf3 Nc6 3. d4 cxd4 4. Bc4 g6 5. O-O Bg7 6. Qe2 d6 7. Rd1 Nf6 8. h3
O-O 9. c3 dxc3 10. Nxc3 Nd7 11. Be3 Nde5 12. Bb3 b6 13. Rac1 Nb4 14. Nxe5 Bxe5
15. Bh6 Bg7 16. Bxg7 Kxg7 17. Qd2 Nc6 18. Bd5 Bb7 19. Nb5 Qd7 20. Bxc6 Bxc6 21.
Qc3+ f6 22. Qxc6 Qe6 23. Nc7 1-0

[Event "DVM U20w 2003"]
[Site "Ditzingen GER"]
[Date "2003.12.27"]
[Round "1"]
[White "Kohl, Annette"]
[Black "Rath, Alina"]
[Result "0-1"]
[Termination "normal"]
[Board "4.2"]
[WhiteElo "1494"]
[BlackElo "1724"]
[WhiteTeam "TSV Zeulenroda"]
[BlackTeam "SK König Tegel 49"]
[PlyCount "81"]
[BlackFideId "24607886"]
[EventCountry "GER"]
[EventRounds "7"]
[EventType "team-swiss"]
[EventDate "2003.12.26"]

1. e4 c5 2. Nf3 Nc6 3. d4 cxd4 4. Nxd4 Nf6 5. Nc3 d6 6. h3 Bd7 7. Be3 a6 8. a4
Rc8 9. Bc4 g6 10. Bb3 Bg7 11. O-O O-O 12. Re1 Nxd4 13. Bxd4 Bc6 14. e5 dxe5 15.
Bxe5 Re8 16. Bg3 e6 17. Qe2 Nh5 18. Bh2 Qg5 19. Ne4 Bxe4 20. Qxe4 Bxb2 21. Rab1
Bc3 22. Red1 b5 23. Qb7 Ra8 24. Rd7 Qf6 25. Rbd1 Red8 26. R1d3 Ng7 27. Rf3 Rxd7
28. Qxa8+ Qd8 29. Qxd8+ Rxd8 30. Bc7 Rd1+ 31. Kh2 b4 32. Bb6 Nf5 33. Bc5 Nd4
34. Bxd4 Rxd4 35. Kg3 Kg7 36. Rf4 Rd2 37. Rc4 Rd6 38. Kf3 h5 39. Rc7 Kf6 40.
Ra7 Bd4 41. Bc4 0-1

[Event "DVM U20w 2003"]
[Site "Ditzingen GER"]
[Date "2003.12.27"]
[Round "1"]
[White "Neldner, Uta"]
[Black "Weise, Lisa"]
[Result "1-0"]
[Termination "normal"]
[Board "4.3"]
[WhiteElo "1702"]
[BlackElo "1277"]
[WhiteTeam "SK König Tegel 49"]
[BlackTeam "TSV Zeulenroda"]
[PlyCount "129"]
[WhiteFideId "24604070"]
[EventCountry "GER"]
[EventRounds "7"]
[EventType "team-swiss"]
[EventDate "2003.12.26"]

1. d4 Nf6 2. e3 d6 3. Bd3 Nbd7 4. Nf3 g6 5. O-O Bg7 6. c3 O-O 7. e4 e6 8. Bg5
e5 9. Qd2 Qe8 10. Re1 c6 11. Na3 Qe6 12. Nc2 Ne8 13. Bh6 f6 14. Bxg7 Nxg7 15.
Qh6 Qf7 16. Ne3 Nb6 17. Qh4 Nh5 18. Ng4 g5 19. Nh6+ Kg7 20. Nxf7 gxh4 21. Nxd6
Nf4 22. Bc2 h3 23. g3 Bg4 24. Nh4 Ne6 25. f3 Bh5 26. Bb3 Ng5 27. Ndf5+ Kh8 28.
Kf2 Bf7 29. Bxf7 Nxf7 30. b3 Rad8 31. Rad1 exd4 32. cxd4 Rc8 33. Ne3 Kg7 34.
Nhf5+ Kh8 35. Ng4 Nd7 36. Nfe3 Nd6 37. e5 Nb5 38. Nc4 Nc3 39. Rd2 fxe5 40. dxe5
Nc5 41. Nd6 Rcd8 42. Re3 Rxd6 43. exd6 N5e4+ 44. Ke1 Nxd2 45. Kxd2 Nd5 46. Re6
Rd8 47. Ne5 Kg8 48. f4 Nc7 49. Rh6 Kg7 50. Kc2 Ne8 51. d7 Nf6 52. Rxh3 Nxd7 53.
Nxd7 Rxd7 54. Rh5 Re7 55. Re5 Rd7 56. h3 Kf6 57. g4 Rd4 58. Rf5+ Ke6 59. Rh5
Rxf4 60. Rxh7 Rf2+ 61. Kb1 Rf1+ 62. Kb2 Rf2+ 63. Ka3 Rf7 64. Rxf7 Kxf7 65. h4
1-0

[Event "DVM U20w 2003"]
[Site "Ditzingen GER"]
[Date "2003.12.27"]
[Round "1"]
[White "Knolle, Lisa"]
[Black "König, Laura"]
[Result "1-0"]
[Termination "normal"]
[Board "4.4"]
[WhiteElo "1325"]
[BlackElo "1183"]
[WhiteTeam "TSV Zeulenroda"]
[BlackTeam "SK König Tegel 49"]
[PlyCount "47"]
[EventCountry "GER"]
[EventRounds "7"]
[EventType "team-swiss"]
[EventDate "2003.12.26"]

1. e4 Nf6 2. Nc3 d5 3. exd5 Nxd5 4. d4 Nc6 5. Bc4 Nxc3 6. bxc3 Bf5 7. Nf3 e6 8.
Bf4 Bd6 9. Bg3 O-O 10. O-O Qd7 11. Re1 Rfe8 12. Qd2 Rad8 13. Rab1 b6 14. Bb5
Ra8 15. d5 exd5 16. Qxd5 Bxg3 17. Bxc6 Qxd5 18. Bxd5 Bd6 19. Bxa8 Rxa8 20. Re2
h6 21. Nd4 Bd7 22. Rd1 Rd8 23. Red2 c5 24. Nb3 1-0

[Event "DVM U20w 2003"]
[Site "Ditzingen GER"]
[Date "2003.12.27"]
[Round "1"]
[White "Thiery, Jennifer"]
[Black "Lehner, Martina"]
[Result "1-0"]
[Termination "normal"]
[Board "5.2"]
[WhiteElo "1688"]
[BlackElo "1241"]
[WhiteTeam "SF Wadgassen-Differten"]
[BlackTeam "Allersberger SC 2000"]
[PlyCount "145"]
[EventCountry "GER"]
[EventRounds "7"]
[EventType "team-swiss"]
[EventDate "2003.12.26"]

1. e4 e6 2. d4 d5 3. e5 c5 4. c3 Nc6 5. Nf3 Bd7 6. a3 f6 7. exf6 Nxf6 8. b4
cxd4 9. cxd4 Bd6 10. Nc3 O-O 11. Be2 Rc8 12. Qd3 Qc7 13. Nb5 Nxb4 14. Nxc7
Nxd3+ 15. Bxd3 Rxc7 16. Bd2 Re8 17. Ne5 Ba4 18. O-O a6 19. Rfe1 Bxe5 20. dxe5
Nd7 21. Bb4 Bc2 22. Bd6 Rc6 23. Be2 Nb6 24. Ra2 Ba4 25. Rb2 Bb5 26. Bxb5 axb5
27. Rxb5 Nc4 28. Bb4 b6 29. f4 g6 30. Kf2 Ra8 31. Rc1 Rac8 32. a4 Na5 33. Rxc6
Rxc6 34. Bxa5 bxa5 35. Rxa5 Rc4 36. g3 Rc3 37. Ra7 Ra3 38. a5 Ra2+ 39. Kg1 Ra1+
40. Kg2 Ra2+ 41. Kh3 h6 42. a6 d4 43. Rd7 Rxa6 44. Rxd4 Kf7 45. Rd7+ Kg8 46.
Kg4 Rb6 47. h4 Rb8 48. h5 gxh5+ 49. Kxh5 Rb3 50. g4 Rg3 51. Re7 Rf3 52. Kg6
Rxf4 53. Re8+ Rf8 54. Rxf8+ Kxf8 55. Kxh6 Kg8 56. Kg6 Kf8 57. Kh7 Ke7 58. g5
Kd7 59. g6 Kc6 60. g7 Kd5 61. g8=Q Kxe5 62. Qg4 Kf6 63. Qe4 Kf7 64. Qe5 Ke7 65.
Kg7 Kd7 66. Kf7 Kc6 67. Kxe6 Kb6 68. Qc3 Kb7 69. Qc4 Kb6 70. Kd7 Kb7 71. Qb5+
Ka8 72. Kc7 Ka7 73. Qa5# 1-0

[Event "DVM U20w 2003"]
[Site "Ditzingen GER"]
[Date "2003.12.27"]
[Round "1"]
[White "Lehner, Marianne"]
[Black "Dietzen, Corinna"]
[Result "0-1"]
[Termination "normal"]
[Board "5.3"]
[WhiteElo "1295"]
[BlackElo "1598"]
[WhiteTeam "Allersberger SC 2000"]
[BlackTeam "SF Wadgassen-Differten"]
[PlyCount "90"]
[BlackFideId "24621021"]
[EventCountry "GER"]
[EventRounds "7"]
[EventType "team-swiss"]
[EventDate "2003.12.26"]

1. e4 c5 2. Bc4 Nc6 3. Nf3 g6 4. Nc3 Bg7 5. d3 Nf6 6. Be3 d6 7. O-O O-O 8. Re1
Bg4 9. a3 Ne5 10. d4 Nxc4 11. Rb1 Nxe3 12. Rxe3 Bxf3 13. Rxf3 cxd4 14. Qxd4 Qc7
15. Qd2 Qc6 16. Re1 Rac8 17. Re2 Rfd8 18. Rd3 e6 19. e5 Ne8 20. exd6 Rxd6 21.
Ree3 Bh6 22. Ne4 Rxd3 23. Qxd3 Bxe3 24. Qxe3 Qxc2 25. h3 Qc1+ 26. Qxc1 Rxc1+
27. Kh2 Rb1 28. b4 Rb3 29. Nc5 Rxa3 30. Nxb7 Rb3 31. Nc5 Rxb4 32. g3 a5 33. Nd3
Rb5 34. Kg2 a4 35. Ne1 a3 36. Nc2 a2 37. Na1 Rb1 38. Nc2 Rc1 39. Ne3 a1=Q 40.
h4 Qa8+ 41. Kh3 Rh1+ 42. Kg4 Qe4+ 43. Kg5 f6+ 44. Kh6 Rxh4+ 45. gxh4 Qxh4# 0-1

[Event "DVM U20w 2003"]
[Site "Ditzingen GER"]
[Date "2003.12.27"]
[Round "1"]
[White "Ley, Janine"]
[Black "Schuster, Kathrin"]
[Result "1-0"]
[Termination "normal"]
[Board "5.4"]
[WhiteElo "1388"]
[BlackElo "913"]
[WhiteTeam "SF Wadgassen-Differten"]
[BlackTeam "Allersberger SC 2000"]
[PlyCount "97"]
[WhiteFideId "24671274"]
[EventCountry "GER"]
[EventRounds "7"]
[EventType "team-swiss"]
[EventDate "2003.12.26"]

1. c4 e5 2. g3 Bc5 3. Bg2 Nf6 4. e3 d6 5. Ne2 O-O 6. d4 Bb4+ 7. Bd2 Bxd2+ 8.
Nxd2 exd4 9. Nxd4 d5 10. O-O Bg4 11. Qc2 Qd7 12. N2b3 Bh3 13. Nc5 Qc8 14. Rad1
Bxg2 15. Kxg2 Re8 16. cxd5 Nxd5 17. Qb3 Nb6 18. Nf3 Na6 19. Nxa6 bxa6 20. Rd4
Rf8 21. Rfd1 Qf5 22. Rf4 Qg6 23. Rdd4 Rae8 24. Rg4 Qe6 25. Qc3 Qf6 26. Qxc7 Re7
27. Qc2 Rc8 28. Qd3 h6 29. b3 Rec7 30. Rd6 Qe7 31. Rxh6 g6 32. Rgh4 Rd8 33.
Rh8+ Kg7 34. Rxd8 Rd7 35. Rxd7 Nxd7 36. Qd4+ Nf6 37. Qe5 Qf8 38. Ng5 Qg8 39.
Rh7+ Qxh7 40. Nxh7 Kxh7 41. Qxf6 Kh6 42. Qxf7 a5 43. e4 a6 44. e5 Kh5 45. e6
Kh6 46. e7 Kh5 47. e8=R Kg4 48. Qf4+ Kh5 49. Rh8# 1-0

[Event "DVM U20w 2003"]
[Site "Ditzingen GER"]
[Date "2003.12.27"]
[Round "1"]
[White "Stejskal, Janina Maria"]
[Black "Gasch, Franziska"]
[Result "1/2-1/2"]
[Termination "normal"]
[Board "6.1"]
[WhiteElo "1833"]
[BlackElo "1544"]
[WhiteTeam "Hamburger SK von 1830"]
[BlackTeam "SC Leipzig-Lindenau"]
[PlyCount "77"]
[WhiteFideId "24601942"]
[BlackFideId "24632139"]
[EventCountry "GER"]
[EventRounds "7"]
[EventType "team-swiss"]
[EventDate "2003.12.26"]

1. e4 d5 2. exd5 Nf6 3. Nc3 Nxd5 4. Nxd5 Qxd5 5. Nf3 Bg4 6. Be2 Nc6 7. O-O
O-O-O 8. c4 Qd7 9. a3 e5 10. Ne1 Bxe2 11. Qxe2 Bd6 12. Nc2 f5 13. b4 e4 14. Qe3
Be5 15. Rb1 h6 16. b5 Nd4 17. Nxd4 Bxd4 18. Qb3 g5 19. Bb2 Rh7 20. a4 h5 21. a5
h4 22. b6 cxb6 23. Bxd4 Qxd4 24. axb6 Qxb6 25. Qxb6 axb6 26. Rxb6 Rg7 27. Rd1
Rd4 28. Rf6 f4 29. c5 Rc4 30. Rf5 Kc7 31. f3 exf3 32. gxf3 Rd4 33. Kf2 Kc6 34.
Re5 Rd5 35. Rxd5 Kxd5 36. d4 Rd7 37. Rg1 Rg7 38. Rd1 Rd7 39. Rg1 1/2-1/2

[Event "DVM U20w 2003"]
[Site "Ditzingen GER"]
[Date "2003.12.27"]
[Round "1"]
[White "Köditz, Katja"]
[Black "Peschke, Susanne"]
[Result "0-1"]
[Termination "normal"]
[Board "6.2"]
[WhiteElo "1566"]
[BlackElo "1626"]
[WhiteTeam "SC Leipzig-Lindenau"]
[BlackTeam "Hamburger SK von 1830"]
[PlyCount "82"]
[EventCountry "GER"]
[EventRounds "7"]
[EventType "team-swiss"]
[EventDate "2003.12.26"]

1. d4 Nf6 2. Nf3 g6 3. Bg5 Bg7 4. e3 d5 5. Bd3 O-O 6. Nbd2 Nbd7 7. O-O b6 8. c3
c5 9. Re1 Bb7 10. Nf1 Re8 11. Bb5 a6 12. Ba4 b5 13. Bc2 Nh5 14. Bh4 Qb6 15. Ng3
Nhf6 16. Ne2 Rad8 17. Nf4 e5 18. dxe5 Nxe5 19. Nxe5 Rxe5 20. Bg3 Re7 21. a4
Red7 22. a5 Qc6 23. f3 d4 24. cxd4 cxd4 25. e4 Qc5 26. e5 d3+ 27. Bf2 Qxc2 28.
exf6 Bxf6 29. Bb6 Bd4+ 30. Bxd4 Rxd4 31. Nh3 Rb4 32. Re7 Qc5+ 33. Nf2 Qxe7 34.
Qd2 Rbd4 35. Ng4 Bc8 36. Re1 Qd6 37. Nf2 Qb4 38. Qe3 d2 39. Rd1 Bf5 40. Qe5 Bc2
41. Ng4 Rxg4 0-1